ORGANIC ANS MEDICINAL CHEMISTRY (Record no. 26357)

MARC details
000 -LEADER
fixed length control field 00381nam a22001577a 4500
003 - CONTROL NUMBER IDENTIFIER
control field SGT
082 ## - DEWEY DECIMAL CLASSIFICATION NUMBER
Classification number 615.19
Item number P16B
100 ## - MAIN ENTRY--PERSONAL NAME
Personal name BHATT, HARDIK.G.
245 ## - TITLE STATEMENT
Title ORGANIC ANS MEDICINAL CHEMISTRY
250 ## - EDITION STATEMENT
Edition statement 3RD
260 ## - PUBLICATION, DISTRIBUTION, ETC. (IMPRINT)
Place of publication, distribution, etc AHMEDABAD
Name of publisher, distributor, etc B.S.SHAH PRAKASHAN
Year of Publication 2016
300 ## - PAGE DESCRIPTION
No. of Pages 160
650 ## - SUBJECT ADDED ENTRY--TOPICAL TERM
Topical term or geographic name as entry element MEDICINAL CHEMISTRY
653 ## - KEYWORDS--INDEX TERM
Keyword term ORGANIC , MEDICINAL, CHEMISTRY
942 ## - ADDED ENTRY ELEMENTS (KOHA)
Source of classification or shelving scheme Dewey Decimal Classification
Koha item type Books
Holdings
Withdrawn status Lost status Source of classification or shelving scheme Damaged status Not for loan Collection code Home library Current library Shelving location Date acquired Cost, normal purchase price SGTU Total Checkouts Full call number Accession No. (Barcode) Date last seen Bill Date Koha item type
    Dewey Decimal Classification     PHARMACY SGT FA-FP Library SGT FA-FP Library Text Book 21/05/2024 100.00 SGTU   615.19 P16B FP4693 21/05/2024 21/05/2024 Books